| 000 | 01150nam a2200193 i 4500 | ||
|---|---|---|---|
| 001 | 189612 | ||
| 003 | SpMaBN | ||
| 005 | 20230906223520.0 | ||
| 008 | 190625s1876 sp ef |||| | spa d | ||
| 080 | _a622.34(460.352 Linares) | ||
| 100 | 1 |
_aVillanova de Campos, José. _9167433 |
|
| 245 | 1 | 0 |
_aMemoria histórico-descriptiva de la mina de plomo denominada Arrayanes... sita en el término de la ciudad de Linares, provincia de Jaén _b: expresiva de lo que esta finca era... y de los adelantos y mejoras... introducidos durante los... años del arrendamiento hecho... al Sr. D. José Genaro Villanova / _cescrita por José Villanova de Campos. |
| 260 |
_aMadrid : _bImp. y Fundición de Manuel Tello, _c1876. |
||
| 300 |
_a95 p., [6] h. de planos pleg. ; _c27 cm. |
||
| 530 | _aDisponible en formato digital. | ||
| 650 | 7 |
_aMinas de plomo- _zLinares. _9167434 |
|
| 852 |
_aES-MaACL _jL-32450(9) _z- Enc. cart. _z. - Legado Federico de Botella y de Hornos _z- Enc. en un vol. facticio, con tít. en el lomo de: España, geología: memorias varias, 3 |
||
| 856 |
_uhttp://bdh-rd.bne.es/viewer.vm?id=0000073296&page=1 _zBiblioteca Digital Hispánica |
||
| 999 |
_c189612 _d189612 |
||